00329nam a2200097Ia 4500008004100000041000800041100002100049245012200070260002100192365001800213240703s9999 xx 000 0 und d aeng aVan Biljon, Peet aInnovation For Value And Mission An Introduction To Innovation Management And Policy Innovation For Value And Mission bDe Gruyterc2022 c b 3,313.26